00445nam a22001577a 450000500170000001000150001702000260003203500130005803700130007108200080008424500740009226000380016627000420020430000190024670000220026520140415123037.0 aENG-109322 a9789350450468c150.00 aEN-92855 bDBAD/PUB a881 aNature songs of Rabindranath Tagore /ctranslated by Malati Mukherjee aKolkata bWriters Workshop c2013 a162/92 Lake GardensbKolkata e700045 a64p.c22cm(Hb) aMukherjee, Malati